000 00349nam a2200097Ia 4500
008 220120s9999||||xx |||||||||||||| ||und||
100 _aLavanya, D.H, Lavanya, S Susheela, N and Bhavyashree
245 0 _aWireless hardware lock for software privacy
260 _aCoorg Institute of Technology
_bPonnampet
_c2002
650 _aELECTRONICS AND COMMUNICATIONS
999 _c137888
_d137888